[Event "HUN-chT 2018-19"]
[Site "Szombathely"]
[Date "2018.11.18"]
[Round "2"]
[White "Vajda, Levente"]
[Black "Kravtsiv, Martyn"]
[Result "1/2-1/2"]
[WhiteElo "2547"]
[BlackElo "2641"]
[Annotator "TA"]
[PlyCount "83"]
[EventDate "2018.11.16"]
[EventType "team-tourn"]
[EventCountry "HUN"]
[SourceTitle "playchess.com"]
[Source "ChessBase"]
[SourceQuality "1"]

{[%evp 11,83,-20,20,10,2,0,0,-2,0,0,0,0,0,-7,-8,-3,0,-20,-15,-12,50,41,47,42,54,45,61,45,37,42,48,0,0,0,11,0,31,59,60,6,6,6,6,6,6,12,6,6,10,0,34,0,0,-8,-5,-7,0,0,0,-41,0,-26,-13,-28,-15,-38,-10,-9,-16,-18,0,-11,0,-13]} 1. Nf3 Nf6 2. g3 d5 3. Bg2 e6 4. O-O Be7 5. d3 O-O 6. Nbd2 Nc6 7. c3 {A07: Réti Opening: New York and Capablanca Systems} a5 8. Qc2 e5 9. e4 dxe4 10. dxe4 Be6 11. Ng5 Bd7 12. Nc4 $146 ({Predecessor:} 12. Rd1 Ng4 13. Ngf3 Bc5 14. Rf1 Qc8 15. a4 h6 16. Nc4 Be6 17. Qe2 {0-1 (66) Karjakin,S (2760)-Aronian,L (2777) Zuerich 2015}) 12... Ng4 13. Nf3 Be6 14. Ne3 Bc5 15. Nd5 h6 (15... Qd7 $11) 16. h3 $14 Nxf2 17. Rxf2 Bxf2+ 18. Kxf2 f5 {[#] Hoping for ...fxe4.} 19. Ne3 $1 {[%cal Re4f5]} fxe4 20. Qxe4 Qd7 21. Kg1 Bxh3 22. b3 Rfd8 23. Bh1 Qd3 (23... Be6 {looks sharper.} 24. Nxe5 Nxe5 25. Qxe5 a4 26. bxa4 Rxa4 27. c4 c6) 24. Qxd3 Rxd3 25. c4 (25. Ne1 $1 $14 Rd6 26. Be4) 25... Be6 $132 {[%mdl 2048] Black is not keeping still} 26. Ne1 Rd7 $1 27. Bxc6 bxc6 28. Nf3 e4 29. Ne5 {[%mdl 64] [#] Double Attack} Rd6 $1 30. c5 Rdd8 31. Nxc6 Rd3 32. Ne5 Rc3 33. c6 Rd8 34. Kf2 Rc5 35. N5c4 (35. N3c4 {feels hotter.} Bxc4 36. Nxc4 Rxc6 37. Nxa5 Rc3 38. Nc4) 35... Bxc4 36. bxc4 Rxc6 37. Rb1 Rf6+ 38. Ke2 Rdf8 {aiming for ...Rf2+.} 39. Nd1 $1 {The position is equal.} Rc6 40. Ne3 Rcf6 {Threatens to win with ...Rf2+.} 41. Nd1 $1 Rc6 42. Ne3 $1 {Accuracy: White = 67%, Black = 61%.} 1/2-1/2

[Event "HUN-chT 2018-19"]
[Site "Szombathely"]
[Date "2018.11.18"]
[Round "2"]
[White "Sadzikowski, Daniel"]
[Black "Lupulescu, Constantin"]
[Result "1/2-1/2"]
[WhiteElo "2544"]
[BlackElo "2601"]
[Annotator "TA"]
[PlyCount "42"]
[EventDate "2018.11.16"]
[EventType "team-tourn"]
[EventCountry "HUN"]
[SourceTitle "playchess.com"]
[Source "ChessBase"]
[SourceQuality "1"]

{[%evp 27,42,0,1,-10,-4,-4,-4,-8,-8,-15,-17,-13,-8,-12,-4,-5,0]} 1. Nf3 d5 2. e3 Nf6 3. c4 e6 4. b3 Be7 5. Bb2 O-O 6. Nc3 dxc4 7. Bxc4 a6 8. O-O c5 9. d4 b5 10. Be2 Nbd7 11. dxc5 Nxc5 12. b4 Qxd1 13. Rfxd1 Ncd7 14. a3 Bb7 {The position is equal.} 15. Nd2 {D27: Queen's Gambit Accepted: Classical main line: 7 e4!? and 7 a4} Nb6 16. Nb3 Rac8 17. Na5 Ba8 18. Rac1 Rfd8 19. Rxd8+ $146 ({Predecessor:} 19. Kf1 h5 20. f3 Rxd1+ 21. Nxd1 {½-½ (20) Zilberman,Y (2463)-Gruenfeld,Y (2472) Petah Tiqwa 2011}) 19... Bxd8 20. Na2 Rxc1+ 21. Nxc1 Na4 1/2-1/2

[Event "HUN-chT 2018-19"]
[Site "Szombathely"]
[Date "2018.11.18"]
[Round "2"]
[White "Medvegy, Zoltan"]
[Black "Kelemen, David"]
[Result "1-0"]
[WhiteElo "2538"]
[BlackElo "2154"]
[Annotator "TA"]
[PlyCount "58"]
[EventDate "2018.11.16"]
[EventType "team-tourn"]
[EventCountry "HUN"]
[SourceTitle "playchess.com"]
[Source "ChessBase"]
[SourceQuality "1"]

{[%evp 17,58,47,59,43,84,87,79,52,48,46,54,60,62,18,79,84,85,42,32,41,91,80,82,78,91,84,84,83,211,201,208,199,225,218,261,276,266,224,455,450,441,405,539]} 1. d4 Nf6 2. Nf3 g6 3. g3 Bg7 4. Bg2 O-O 5. O-O d6 6. b3 c5 7. c4 Na6 8. Bb2 Rb8 9. Nc3 Bg4 10. Nb5 {E65: King's Indian: Fianchetto: 6...c5 7 0-0 without d5 by White} Nb4 $146 ({Predecessor:} 10... Ra8 11. Ne1 Qc8 12. f3 Bh3 13. d5 Bxg2 14. Kxg2 Nc7 15. Nxc7 Qxc7 16. e4 Nxd5 17. Qxd5 Bxb2 {½-½ (41) Spitaler,J (1965)-Zunker,R (2205) Oberstdorf Tiefenbach 1999}) 11. Nxa7 Ra8 12. a3 {White is better.} Rxa7 13. axb4 Rxa1 14. Qxa1 cxb4 15. Qa7 Qc7 (15... Ne4 $11) 16. Ra1 $16 d5 17. Rc1 {[%cal Ba1c1,Bc1c3,Bc3d3][%mdl 32]} Ne4 18. Qa4 Nc3 19. Bxc3 bxc3 20. Rxc3 Bxf3 21. Bxf3 Bxd4 22. Rd3 e5 (22... Be5 $16) 23. Bxd5 $18 Qb6 24. Rf3 Qc7 25. b4 Kg7 26. Rd3 Rb8 27. Qb5 f5 $2 {[#]} (27... Rd8 28. e3 (28. Qxb7 Qxb7 29. Bxb7 Rb8 $16) 28... Ba7) 28. e3 Bb2 29. Rd2 Ba1 {Accuracy: White = 71%, Black = 35%.} 1-0

[Event "HUN-chT 2018-19"]
[Site "Szombathely"]
[Date "2018.11.18"]
[Round "2"]
[White "Szabo, Gergely-Andras-Gyul"]
[Black "Horvath, Adam"]
[Result "1/2-1/2"]
[WhiteElo "2531"]
[BlackElo "2493"]
[Annotator "TA"]
[PlyCount "39"]
[EventDate "2018.11.16"]
[EventType "team-tourn"]
[EventCountry "HUN"]
[SourceTitle "playchess.com"]
[Source "ChessBase"]
[SourceQuality "1"]

{[%evp 19,39,29,28,11,7,6,8,0,15,2,4,0,0,-12,-9,-2,-1,-3,0,0,0,-8]} 1. Nf3 Nf6 2. c4 e6 3. g3 d5 4. Bg2 dxc4 5. Qa4+ Bd7 6. Qxc4 {A13: English Opening: 1...e6} c5 7. Ne5 Qc8 8. Qd3 Nc6 9. Nxd7 Qxd7 10. Qxd7+ Kxd7 {LiveBook: 12 Games} 11. O-O $146 ({Predecessor:} 11. Nc3 Be7 12. b3 Rac8 13. Bb2 Rhd8 {½-½ (51) Yu,Y (2744)-Wang,Y (2699) Huocheng County 2017}) 11... Be7 {The position is equal.} 12. Nc3 Rhd8 13. d3 Rac8 14. b3 b6 15. Bb2 Ne8 16. Rfd1 Bf6 17. Rac1 $1 Nd6 18. Kf1 Ke8 19. e3 Nb4 20. Rd2 1/2-1/2

[Event "HUN-chT 2018-19"]
[Site "Szombathely"]
[Date "2018.11.18"]
[Round "2"]
[White "Gonda, Laszlo"]
[Black "Berkes, Ferenc"]
[Result "1/2-1/2"]
[WhiteElo "2524"]
[BlackElo "2661"]
[Annotator "TA"]
[PlyCount "38"]
[EventDate "2018.11.16"]
[EventType "team-tourn"]
[EventCountry "HUN"]
[SourceTitle "playchess.com"]
[Source "ChessBase"]
[SourceQuality "1"]

{[%evp 22,38,28,26,24,22,28,10,8,6,5,0,0,0,0,0,13,9,11]} 1. Nf3 c5 2. c4 Nf6 3. b3 g6 4. Bb2 Bg7 5. g3 d6 6. Bg2 e5 7. O-O O-O 8. Nc3 Nc6 9. d3 h6 10. Nd2 Be6 11. Nde4 Qd7 12. Nxf6+ {LiveBook: 4 Games. A38: Symmetrical English vs ...g6: 4 Bg2 Bg7 5 Nf3 Nf6} Bxf6 13. Nd5 Bg7 14. a3 {[%cal Ba2a3,Ba3a4][%mdl 32] White has an edge.} Rab8 {The position is equal.} 15. b4 {[#]} b5 $146 ({Predecessor:} 15... b6 16. Bc3 Ne7 17. Nxe7+ Qxe7 18. a4 Qd7 19. Qd2 d5 20. bxc5 bxc5 21. cxd5 Bxd5 {½-½ (36) Artemiev,V (2653)-Gelfand,B (2725) Moscow 2016}) 16. cxb5 Rxb5 {[%cal Rc5b4]} 17. a4 Rbb8 18. b5 Ne7 19. Nxe7+ Qxe7 1/2-1/2

[Event "HUN-chT 2018-19"]
[Site "Szombathely"]
[Date "2018.11.18"]
[Round "2"]
[White "Ruck, Robert"]
[Black "Nagy, Gabor"]
[Result "1-0"]
[WhiteElo "2515"]
[BlackElo "2464"]
[Annotator "TA"]
[PlyCount "73"]
[EventDate "2018.11.16"]
[EventType "team-tourn"]
[EventCountry "HUN"]
[SourceTitle "playchess.com"]
[Source "ChessBase"]
[SourceQuality "1"]

{[%evp 17,73,16,41,6,13,7,5,14,9,0,0,0,0,0,8,7,6,0,16,16,19,0,15,0,0,0,0,0,46,45,88,76,75,75,66,68,70,0,83,69,75,45,123,112,149,112,112,112,112,112,112,100,154,102,311,308,625,624]} 1. Nf3 Nf6 2. c4 g6 3. d4 Bg7 4. g3 O-O 5. Bg2 c6 6. O-O d5 7. Nbd2 Bf5 8. b3 Ne4 9. Bb2 a5 10. cxd5 {D78: Fianchetto Grünfeld: 6 0-0 c6} (10. Nh4 Nxd2 11. Qxd2 Be6 12. Rfc1 a4 13. Qb4 axb3 14. axb3 Rxa1 15. Rxa1 dxc4 16. bxc4 Bxd4 17. Qxb7 Bxc4 18. Nf3 Bxb2 19. Qxb2 Bd5 {½-½ (29) Artemiev,V (2706)-Dubov,D (2703) Sochi 2018}) 10... cxd5 11. Ne5 Nd7 {[%cal Bb8d7,Bd7e5,Be5g4][%mdl 32]} 12. Nxe4 {The position is equal.} dxe4 $146 13. g4 Nxe5 14. gxf5 Ng4 {[#] Strongly threatening ...Qc7.} 15. h3 $1 {[%cal Rh3g4]} Nf6 16. fxg6 hxg6 17. e3 Ra6 18. Rc1 Qd7 19. Rc5 a4 20. Qc2 b6 21. Rc7 axb3 22. axb3 Qe6 (22... Qd6 {with more complications.} 23. Rc1 Ra2 24. Rc6 Qd7 25. Qb1 Ra5) 23. Qc4 Qxc4 24. bxc4 Ra2 25. Rb1 Rfa8 26. Rxe7 R8a4 27. Bc3 (27. Re5 $1 $14) 27... Rxc4 {[#]} (27... R2a3 $1 $11 {remains equal.} 28. Bd2 Ra2) 28. Be1 $1 $16 Bf8 29. Rb7 Bh6 ({Black should play} 29... Rc6 $14) 30. R7xb6 Bg5 {intending ...Rcc2.} 31. R6b2 Rxb2 32. Rxb2 Rc1 33. Kf1 Bh4 34. Ke2 Ra1 ({Better is} 34... Kf8 35. Rb8+ Kg7) 35. Rc2 ({White should try} 35. Rb5) 35... Nd5 $2 (35... Kf8 $16 36. Rb2 Ke7) 36. Bxe4 $18 Nxe3 $2 (36... Nb6 37. Rc6 Ra2+ 38. Kf3 Rb2) 37. Rc8+ {Accuracy: White = 60%, Black = 45%.} ({Not} 37. Kxe3 Rxe1+ 38. Re2 Rxe2+ 39. Kxe2 f5 $14) 1-0

[Event "HUN-chT 2018-19"]
[Site "Szombathely"]
[Date "2018.11.18"]
[Round "2"]
[White "Popovic, Dusan"]
[Black "Balog, Imre"]
[Result "1/2-1/2"]
[WhiteElo "2510"]
[BlackElo "2559"]
[Annotator "TA"]
[PlyCount "37"]
[EventDate "2018.11.16"]
[EventType "team-tourn"]
[EventCountry "HUN"]
[SourceTitle "playchess.com"]
[Source "ChessBase"]
[SourceQuality "1"]

{[%evp 19,23,0,0,-16,7,9]} 1. Nf3 Nf6 2. g3 g6 3. Bg2 Bg7 4. O-O O-O 5. d3 d5 6. Nbd2 {[%cal Bb1d2,Bd2c4,Bc4a5][%mdl 32]} Nc6 7. e4 e5 8. exd5 Nxd5 9. Re1 h6 10. Nc4 Re8 11. Bd2 {A07: Réti Opening: New York and Capablanca Systems} (11. c3 Nb6 12. Ne3 Be6 13. Qc2 Qd7 14. a4 a5 15. Bd2 Rad8 16. Bf1 Bh3 17. Bxh3 Qxh3 18. Rad1 Kh8 {1-0 (47) Nepomniachtchi,I (2714)-Bacrot,E (2718) Beijing 2014}) 11... Nb6 {[#] ...Nxc4 is the strong threat.} 12. Na5 {Predecessor:} Nxa5 $146 13. Bxa5 e4 14. Rxe4 Bxb2 15. Rxe8+ Qxe8 16. Rb1 Bg7 17. Qd2 Be6 18. Bc3 Bxc3 19. Qxc3 {1-0 (49) Weindl,A (2335)-Georges,S (2305) Switzerland 1998} 1/2-1/2

[Event "HUN-chT 2018-19"]
[Site "Szombathely"]
[Date "2018.11.18"]
[Round "2"]
[White "Horvath, Csaba"]
[Black "Kovacevic, Aleksandar"]
[Result "1/2-1/2"]
[WhiteElo "2507"]
[BlackElo "2500"]
[Annotator "TA"]
[PlyCount "31"]
[EventDate "2018.11.16"]
[EventType "team-tourn"]
[EventCountry "HUN"]
[SourceTitle "playchess.com"]
[Source "ChessBase"]
[SourceQuality "1"]

{[%evp 13,31,16,25,25,25,11,14,8,12,16,20,10,21,14,9,9,16,10,29,4]} 1. d4 Nf6 2. Nf3 e6 3. g3 c5 4. Bg2 cxd4 5. O-O Nc6 6. Nxd4 Qb6 7. e3 {A46: 1 d4 Nf6 2 Nf3 e6: Torre, London and Colle Systems} (7. Nb3 Ne5 8. Nc3 a6 9. e4 d6 10. Qe2 Be7 11. h3 O-O 12. a4 Qc7 13. a5 Bd7 14. f4 Ng6 15. Be3 {1-0 (61) Adly,A (2637)-Dobrov,V (2515) Riadh 2017}) 7... d5 {LiveBook: 4 Games} 8. b3 Bd7 9. Bb2 Be7 10. Nd2 O-O $146 ({Predecessor:} 10... a6 11. c4 Nxd4 12. Bxd4 Qd6 13. cxd5 exd5 14. Nf3 Bc6 15. Rc1 {1-0 (33) Leuschner,G (2001)-Fleischer,M (1859) Magdeburg 2015}) 11. c4 Rfd8 12. cxd5 Nxd5 13. Nc4 Qa6 14. a4 {Black should prevent Nb5.} Nxd4 15. Bxd4 Bc6 16. Qe2 1/2-1/2

[Event "HUN-chT 2018-19"]
[Site "Szombathely"]
[Date "2018.11.18"]
[Round "2"]
[White "Korpa, Bence"]
[Black "Meszaros, Tamas"]
[Result "1-0"]
[WhiteElo "2505"]
[BlackElo "2391"]
[Annotator "TA"]
[PlyCount "56"]
[EventDate "2018.11.16"]
[EventType "team-tourn"]
[EventCountry "HUN"]
[SourceTitle "playchess.com"]
[Source "ChessBase"]
[SourceQuality "1"]

{[%evp 21,56,-55,0,0,0,0,16,-27,0,0,0,0,95,94,86,92,102,0,0,0,0,0,363,364,293,58,43,0,0,0,0,0,0,0,0,-464,-347]} 1. Nf3 Nf6 2. g3 d5 3. Bg2 e6 4. d3 c5 5. O-O Nc6 6. Nbd2 Be7 7. e4 Qc7 8. Re1 O-O 9. e5 Nd7 10. Qe2 b5 11. Nf1 Nd4 (11... a5 $15) 12. Nxd4 $11 {C00: French: Unusual White 2nd moves} cxd4 13. Bf4 a5 (13... Bb7 14. h4 Rfc8 15. Rec1 Qb6 16. Bf3 Rc7 17. Qd2 Rac8 18. Nh2 a5 19. Bd1 b4 {½-½ (27) Kononenko,D (2576)-Zhigalko,S (2647) Alushta 2010}) 14. h4 {The position is equal.} Ra6 15. Nh2 Rc6 16. Rac1 Ba6 {[#]} (16... Bb4 $11 17. Bd2 Bxd2 18. Qxd2 Nxe5) 17. Bxd5 $1 $16 {[%mdl 512]} Rc5 (17... exd5 18. e6) 18. Be4 Rc8 {[%cal Rc5c2]} 19. Ng4 $146 ({White should try} 19. Nf3 $16) ({Predecessor:} 19. c3 dxc3 20. bxc3 Rxc3 21. Rxc3 Qxc3 {½-½ (39) Baruch,A (2106)-Baker,C (2369) Coventry 2004}) 19... Rxc2 $11 20. Rxc2 Qxc2 21. Qf3 $1 h5 $2 {[%mdl 8192] [#]} (21... Qxb2 22. Nh6+ $1 {[%mdl 512]} gxh6 23. Bxh6) (21... b4 $11 {and Black stays safe.}) 22. Nh6+ $1 $18 {[%mdl 512]} gxh6 23. Bxh6 $2 (23. Qxh5 $18 Kf8 24. Bg6 $1 {[%mdl 512]}) 23... Nxe5 24. Bh7+ {[%mdl 64] Discovered Attack} Kxh7 25. Rxe5 Kg8 26. Rxh5 {Intending Qg4+ and mate.} f5 {Strongly threatening ...Bf6.} 27. Bf4 {g4 is the strong threat.} Qc6 {[#]} ({Don't play} 27... Qxb2 $6 28. g4 $16) 28. Qe2 $2 {[%mdl 8192] [#]} (28. Rh8+ $1 $11 {[%mdl 512] and White has nothing to worry.} Kxh8 29. Qh5+ Kg7 30. Be5+ Kf8 31. Qh8+ Kf7 32. Qh5+ Kf8 33. Qh8+ Kf7 34. Qh5+ Kf8) 28... Bf6 $1 {[%mdl 32768] Accuracy: White = 56%, Black = 56%. . Loss on time!?} ({Stronger than} 28... Bb7 {[#]} 29. Rh8+ $3 {[%mdl 576] Decoy} Kxh8 30. Qh5+ Kg7 31. Qh6+ Kf7 32. Qh5+ Kg7 33. Qh6+ Kf7 34. Qh5+ Kg7 $11) 1-0

[Event "HUN-chT 2018-19"]
[Site "Szombathely"]
[Date "2018.11.18"]
[Round "2"]
[White "Kantor, Gergely"]
[Black "Tokovic, Svetozar"]
[Result "1-0"]
[WhiteElo "2501"]
[BlackElo "2238"]
[Annotator "TA"]
[PlyCount "72"]
[EventDate "2018.11.16"]
[EventType "team-tourn"]
[EventCountry "HUN"]
[SourceTitle "playchess.com"]
[Source "ChessBase"]
[SourceQuality "1"]

{[%evp 14,72,41,24,85,68,94,70,62,81,85,70,56,56,61,46,49,51,31,56,83,39,42,41,43,35,39,42,39,9,19,9,8,0,14,12,54,38,43,27,40,20,6,0,44,39,36,8,46,42,42,42,61,0,47,20,21,22,66,29,114]} 1. d4 Nf6 2. c4 e6 3. g3 d5 4. Bg2 c6 5. Nf3 Nbd7 6. O-O b6 7. b3 {E01: Catalan: Early deviations} Ba6 8. Nbd2 {LiveBook: 41 Games} c5 (8... Be7 $11 {remains equal.}) (8... Rc8 9. Re1 Be7 10. e4 O-O 11. e5 Ne8 12. cxd5 cxd5 13. Bb2 Bd3 14. Rc1 Nc7 15. Re3 Bg6 16. Bf1 Nb8 17. a3 Qd7 18. Rec3 a6 19. Ne1 Nb5 20. Rxc8 Rxc8 21. a4 Na7 22. Nd3 {½-½ (22) Kasimdzhanov,R (2704)-Kovalyov,A (2616) Baku 2015}) 9. Bb2 {White is better.} Rc8 10. cxd5 $146 ({Predecessor:} 10. Rc1 Bd6 11. Re1 O-O {½-½ (11) Goormachtigh,J (2160)-De Wit,M (2196) Belgium 2017}) 10... exd5 11. Re1 Be7 12. Nh4 O-O 13. Nf5 Re8 14. e4 dxe4 15. Nxe4 Nxe4 16. Rxe4 Nf6 17. Nxe7+ Rxe7 18. Rxe7 Qxe7 19. dxc5 Qxc5 20. Qf3 Qe7 21. Qf4 Rc2 22. Qd4 (22. Qb8+ {is interesting.} Bc8 23. Bd4 h6 24. Bf3 Ne8 25. Rd1) 22... h6 23. Rd1 Re2 {[#] ( -> ...Re1+)} 24. h3 Re6 25. Bc3 Kh7 26. a4 Bb7 27. Bb4 Qc7 28. Qd3+ g6 29. Bxb7 Qxb7 30. Qd8 Qf3 {[#] And now ...Ne4 would win.} 31. Rd3 $36 {[%mdl 2048] White is more active.} Qf5 {Threatens to win with ...Re2.} 32. Bc3 h5 33. Rd1 ({White should try} 33. h4 $14) 33... Ne8 34. Qd4 {[%csl Gc3][%cal Rd4h8]} Nf6 $1 35. h4 Rc6 36. Re1 Qc2 {Precision: White = 44%, Black = 38%.} (36... Qd5 $11) 1-0

[Event "HUN-chT 2018-19"]
[Site "Szombathely"]
[Date "2018.11.18"]
[Round "2"]
[White "Szabo, Krisztian"]
[Black "Flumbort, Andras"]
[Result "1/2-1/2"]
[WhiteElo "2493"]
[BlackElo "2436"]
[Annotator "TA"]
[PlyCount "33"]
[EventDate "2018.11.16"]
[EventType "team-tourn"]
[EventCountry "HUN"]
[SourceTitle "playchess.com"]
[Source "ChessBase"]
[SourceQuality "1"]

{[%evp 29,33,-33,-39,-77,-70,-74]} 1. e4 c6 2. d4 d5 3. Nd2 dxe4 4. Nxe4 Bf5 5. Ng3 Bg6 6. h4 h6 7. Nf3 Nd7 8. h5 Bh7 9. Bd3 Bxd3 10. Qxd3 Ngf6 11. Bd2 e6 12. O-O-O Qc7 13. Ne4 Be7 14. Kb1 Rd8 {[#] B19: Classical Caro-Kann: 4...Bf5 main line} 15. c4 $146 (15. Nxf6+ Nxf6 16. Qe2 c5 17. dxc5 Qxc5 18. Ne5 Rd4 19. f4 O-O 20. c3 Ra4 21. c4 Bd6 22. Bc3 Bxe5 23. fxe5 {1-0 (36) Adams,M (2722)-Nakamura,H (2783) London 2012}) 15... O-O {LiveBook: 26 Games} 16. g4 Nxg4 17. Qe2 1/2-1/2

[Event "HUN-chT 2018-19"]
[Site "Szombathely"]
[Date "2018.11.18"]
[Round "2"]
[White "Sipos, Istvan"]
[Black "Horvath, Jozsef"]
[Result "1/2-1/2"]
[WhiteElo "2492"]
[BlackElo "2494"]
[Annotator "TA"]
[PlyCount "28"]
[EventDate "2018.11.16"]
[EventType "team-tourn"]
[EventCountry "HUN"]
[SourceTitle "playchess.com"]
[Source "ChessBase"]
[SourceQuality "1"]

{[%evp 20,28,46,41,56,49,44,53,68,46,46]} 1. e4 d6 2. d4 Nf6 3. Nc3 c6 4. f4 Qa5 5. Bd3 e5 6. Nf3 exd4 {B07: Pirc Defence: Miscellaneous Systems} 7. Nxd4 g6 8. Nb3 Qc7 9. O-O Bg7 10. Qe1 O-O 11. Qh4 {LiveBook: 3 Games. White is slightly better.} b5 12. f5 (12. e5 $5 dxe5 13. f5 $11) 12... Nbd7 13. Bg5 Bb7 14. Nd2 $146 ({Predecessor:} 14. e5 dxe5 {0-1 (44) Faizulaev,A (2385)-Dzhumaev,M (2505) Tashkent 2015}) 14... b4 1/2-1/2

[Event "HUN-chT 2018-19"]
[Site "Szombathely"]
[Date "2018.11.18"]
[Round "2"]
[White "Torma, Robert"]
[Black "Horvath, Gyula"]
[Result "1-0"]
[WhiteElo "2476"]
[BlackElo "2320"]
[Annotator "TA"]
[PlyCount "47"]
[EventDate "2018.11.16"]
[EventType "team-tourn"]
[EventCountry "HUN"]
[SourceTitle "playchess.com"]
[Source "ChessBase"]
[SourceQuality "1"]

{[%evp 20,47,63,43,203,204,186,131,153,155,156,152,267,268,266,279,264,230,556,518,509,504,783,788,754,753,29996,1366,29997,29998]} 1. d4 d5 2. c4 dxc4 3. Nf3 Nf6 4. e3 e6 5. Bxc4 a6 6. Qe2 c5 7. dxc5 Bxc5 8. O-O {[%cal Bh1f1,Bf1d1,Bd1d4][%mdl 32]} Nc6 9. e4 {[%cal Be3e4,Be4e5][%mdl 32]} Qc7 10. e5 Nd7 11. Bf4 Nd4 $2 {D28: Queen's Gambit Accepted: Classical main line: 7 Qe2 with early ...Nc6} (11... b5 $14 12. Bb3 h6) 12. Nxd4 $18 Bxd4 13. Rd1 $1 {[%cal Rd1d4]} Bxb2 {White is clearly better.} 14. Qxb2 Qxc4 15. Rd4 Qb5 (15... Qc7 $16 {might work better.}) 16. Qd2 O-O {[#]} 17. Na3 $1 {[%cal Ra3b5,Bb1a3,Ba3c4,Bc4d6][%mdl 32]} Qc5 18. Nc4 {[#]} Nb6 $146 (18... f6) ({Predecessor:} 18... f5 19. Rc1 Qc7 20. Qb4 b6 21. Qe7 Rf7 22. Qxf7+ Kxf7 23. Nd6+ Qxd6 24. Rxd6 g5 25. Bxg5 Nxe5 26. Rd8 {1-0 (26) Izeta Txabarri,F (2475)-Hansen,L (2570) Benasque 1998}) 19. Nd6 Nd5 {[#]} 20. Bh6 $1 {[%mdl 512]} Ne7 {[#]} (20... f5 $142 21. Rc1 Qxd4 22. Qxd4 gxh6) (20... gxh6 21. Rg4+) 21. Bxg7 $1 {[%mdl 512]} Kxg7 {[#]} 22. Rh4 $1 {White wants to mate with Qh6+.} ({And not} 22. Qg5+ Ng6 $11) 22... Ng8 23. Qg5+ Kh8 24. Rg4 {Accuracy: White = 100%, Black = 38%.} 1-0

[Event "HUN-chT 2018-19"]
[Site "Szombathely"]
[Date "2018.11.18"]
[Round "2"]
[White "Kovacs, Gabor"]
[Black "Szabo, Bence"]
[Result "1/2-1/2"]
[WhiteElo "2454"]
[BlackElo "2373"]
[Annotator "TA"]
[PlyCount "69"]
[EventDate "2018.11.16"]
[EventType "team-tourn"]
[EventCountry "HUN"]
[SourceTitle "playchess.com"]
[Source "ChessBase"]
[SourceQuality "1"]

{[%evp 25,69,-8,0,-32,-37,-38,-41,-39,-51,-33,-25,-54,0,0,0,-47,-4,-8,0,0,0,0,0,0,0,4,2,0,12,12,12,19,21,12,22,33,66,0,0,0,2,0,0,0,0,0]} 1. d4 Nf6 2. c4 e6 3. Nc3 Bb4 4. e3 O-O 5. Bd3 d5 6. Nf3 c5 7. O-O cxd4 8. exd4 dxc4 9. Bxc4 b6 10. Bg5 Bb7 11. Rc1 Be7 12. Re1 Nc6 13. a3 Nd5 {LiveBook: 7 Games. E54: Nimzo-Indian: Rubinstein: Main Line: 7...dxc4 8 Bxc4} (13... h6 14. Bf4 Rc8 15. Ba2 Bd6 16. Be5 Bb8 17. Bxb8 Nxb8 18. Ne5 Re8 19. Qd3 Nc6 20. Rcd1 Nxe5 21. dxe5 Qxd3 22. Rxd3 {0-1 (67) Belov,V (2614)-Wojtaszek,R (2734) Berlin 2015}) 14. Ne4 $146 ({Predecessor:} 14. Bd2 Nxc3 15. Bxc3 Na5 16. Bd3 Bd5 17. Ne5 Bg5 18. Rb1 g6 19. Qg4 Nc6 20. Rbd1 Nxe5 21. dxe5 {½-½ (30) Real de Azua,E (2443)-Iermito,S (2475) Saenz Pena 2014}) 14... Bxg5 15. Nexg5 h6 {Black is slightly better.} 16. Ne4 Nce7 17. Ne5 Nf5 18. Ng3 Nde7 ({Black should play} 18... Nh4 $15 19. Qd2 g5 20. Bxd5 Bxd5) 19. Nxf5 $11 Nxf5 20. d5 Bxd5 21. Bxd5 exd5 22. Nc6 Qd6 23. Re5 {[%mdl 64] [#] Double Attack} g6 24. Qxd5 {aiming for Rxf5.} Qxd5 25. Rxd5 Rfe8 26. Kf1 Ne7 27. Rd7 Nxc6 28. Rxc6 {[%mdl 4096] Endgame KRR-KRR} Rad8 29. Rcc7 Rxd7 30. Rxd7 {KR-KR} Rc8 31. b4 ({Better is} 31. g3 $1 $14) 31... Rc1+ {The position is equal.} 32. Ke2 Rc2+ 33. Ke3 Rc3+ 34. Rd3 Rc7 35. h4 {Accuracy: White = 55%, Black = 51%.} 1/2-1/2

[Event "HUN-chT 2018-19"]
[Site "Szombathely"]
[Date "2018.11.18"]
[Round "2"]
[White "Hoang, Thanh Trang"]
[Black "Acs, Peter"]
[Result "1/2-1/2"]
[WhiteElo "2448"]
[BlackElo "2594"]
[Annotator "TA"]
[PlyCount "30"]
[EventDate "2018.11.16"]
[EventType "team-tourn"]
[EventCountry "HUN"]
[SourceTitle "playchess.com"]
[Source "ChessBase"]
[SourceQuality "1"]

{[%evp 16,30,44,43,48,44,49,44,54,47,58,49,62,50,71,69,94]} 1. d4 Nf6 2. Nf3 d5 3. Bf4 c5 4. e3 Nc6 5. c3 e6 6. Nbd2 cxd4 7. exd4 Bd6 8. Bxd6 {D02: 1 d4 d5 2 Nf3 sidelines, including 2...Nf6 3 g3 and 2...Nf6 3 Bf4} (8. Bg3 O-O 9. Bd3 a6 10. O-O Bxg3 11. hxg3 b5 12. b4 Qc7 13. Re1 Re8 14. a4 bxa4 15. Qxa4 Bd7 16. b5 {½-½ (94) Kamsky,G (2732)-Wang,Y (2697) Beijing 2011}) 8... Qxd6 9. Bd3 {LiveBook: 8 Games} Nh5 10. g3 Nf6 $146 ({Predecessor:} 10... f5 11. Ne5 Nf6 12. Qe2 O-O 13. f4 Ne4 14. Ndf3 Bd7 15. Nxc6 bxc6 {1-0 (42) Bachofner,A (2245)-Zoernpfenning,S (2115) Austria 2009}) 11. Qe2 O-O 12. O-O b6 13. Ne5 Ne7 14. Rae1 Rb8 15. f4 Ne8 1/2-1/2